000 00692cam a22002172 4500
001 0000018822
005 20151217145908.0
008 100802s xx 000 0 eng d
020 _a0071263756 :
040 _aKABU
_cKABU
100 1 _aPearce, John A.
_@0000150621
245 1 0 _aStrategic management :
_bformulation, implementation and control /
_cJohn A. Pearce, Richard B. Robinson.
250 _a11th ed.
260 _aBoston :
_b McGraw-Hill,
_c2009.
300 _avarious paging.
650 0 _aStrategic planning.
_@0000150576
700 1 _aRobinson, Richard B.
_@0000150622
852 1 _9p2090 KES
908 _a100802
950 _@1
999 _c3813
_d3813